Indian Economy / (Record no. 195800)

MARC details
000 -LEADER
fixed length control field 00718nam a22002057a 4500
005 - DATE AND TIME OF LATEST TRANSACTION
control field 20230428111040.0
010 ## - LCCN (DPL NO)
LC control number ENG-136735
020 ## - INTERNATIONAL STANDARD BOOK NUMBER
Terms of availability 85.00
035 ## - SYSTEM CONTROL NUMBER
System control number EN-120267
037 ## - SOURCE OF ACQUISITION
Source of stock number/acquisition DBAD/PUB
082 ## - DEWEY DECIMAL CLASSIFICATION NUMBER
Classification number 330.954
100 ## - MAIN ENTRY--PERSONAL NAME
Personal name Rao, M Sambasiva
245 00 - TITLE STATEMENT
Title Indian Economy /
Statement of responsibility, etc By Sambasiva M Rao
250 ## - EDITION STATEMENT
Edition statement First
260 ## - PUBLICATION, DISTRIBUTION, ETC. (IMPRINT)
Place of publication, distribution, etc Andhra Pradesh
Name of publisher, distributor, etc Lorven Publications
Date of publication, distribution, etc 2012
270 ## - ADDRESS
City Andhra Pradesh
Address 3-5-1108, Maruthi Complex, Narayanguda, Hyderabad
Postal code 500029
Telephone number 2475066
Electronic mail address vivadelhi@vivagroupindia.net
Fax number 91-40-66365445
300 ## - PHYSICAL DESCRIPTION
Extent 253p.;
Dimensions 20cm(pbk)
500 ## - GENERAL NOTE
General note For B.A Third Year Of All Universities, Entrance Examinations & Other Competitive Exams
942 ## - ADDED ENTRY ELEMENTS (KOHA)
Source of classification or shelving scheme Dewey Decimal Classification
Item type English Books
Call number suffix RAO
Classification part 330.954
Holdings
Withdrawn status Lost status Not for loan Collection code Home library Current library Date acquired Source of acquisition Cost, normal purchase price Full call number Barcode Copy number Cost, replacement price Koha item type
      Non-fiction Shahdara Branch Shahdara Branch 28/04/2023 DBAD/PUB 85.00 330.954 RAO EN-120267 1 85.00 English Books

© Delhi Public Library
Hit Counter
free hit counter